[Event "Olimpiada Calviá 2004"]
[Site "Calviá ESP"]
[Date "2004.10.26"]
[Round "11.34"]
[White "Wall, Gavin"]
[Black "Simonet, Marc"]
[Result "0-1"]
[WhiteElo "2385"]
[BlackElo "2300"]
[PlyCount "66"]
[EventDate "2004.10.15"]
[EventType "team"]
[EventRounds "14"]
[EventCountry "ESP"]
[Source "lmi"]
[SourceDate "2004.10.27"]

1. e4 e6 2. d4 d5 3. e5 c5 4. c3 Nc6 5. Nf3 Qb6 6. a3 Nh6 7. b4 cxd4 8. cxd4
Nf5 9. Be3 f6 10. exf6 gxf6 11. Bd3 Nxe3 12. fxe3 Bh6 13. b5 Ne7 14. Qe2 O-O
15. e4 dxe4 16. Qxe4 Ng6 17. Bc4 f5 18. Qd3 Nf4 19. Qd2 Kg7 20. Qb2 Qc7 21.
Nbd2 Qxc4 22. Nxc4 Nd3+ 23. Ke2 Nxb2 24. Nxb2 Bd7 25. a4 Rac8 26. Kd3 a6 27.
Nc4 axb5 28. Nb6 Bc6 29. Nxc8 Rxc8 30. d5 Bxd5 31. axb5 Be4+ 32. Kd4 Kf6 33.
Rhd1 Bf4 0-1

[Event "Olimpiada Calviá 2004"]
[Site "Calviá ESP"]
[Date "2004.10.26"]
[Round "11.34"]
[White "Garcia, Raul"]
[Black "Ryan, Joseph"]
[Result "0-1"]
[WhiteElo "2259"]
[BlackElo "2316"]
[PlyCount "104"]
[EventDate "2004.10.15"]
[EventType "team"]
[EventRounds "14"]
[EventCountry "ESP"]
[Source "lmi"]
[SourceDate "2004.10.27"]

1. d4 e6 2. Nf3 Nf6 3. e3 b6 4. Bd3 Bb7 5. Nbd2 c5 6. O-O cxd4 7. exd4 Be7 8.
b3 O-O 9. Bb2 Nc6 10. a3 Rc8 11. Rc1 Nd5 12. Re1 Bxa3 13. Nc4 Bxb2 14. Nxb2
Ncb4 15. c4 Nf6 16. Bb1 d5 17. c5 bxc5 18. dxc5 Qe7 19. Qd2 a5 20. Na4 Ne4 21.
Qe3 e5 22. Nb6 Rxc5 23. Nxd5 Nxd5 24. Qxe4 Nf6 25. Qe3 Rxc1 26. Rxc1 e4 27. h3
Qd6 28. Nd2 Re8 29. Nc4 Qb4 30. Qc3 Qxc3 31. Rxc3 Ra8 32. Nd6 Bd5 33. Bc2 Rd8
34. Nf5 g6 35. Ne3 Be6 36. Kf1 Rb8 37. Ke2 Rb5 38. Kd2 Kg7 39. Ke2 Kf8 40. Kd2
Ke8 41. Bd1 Kd7 42. Kc2 Kd6 43. Be2 Rc5 44. Rxc5 Kxc5 45. Kc3 Nd5+ 46. Nxd5
Bxd5 47. g4 f5 48. g5 f4 49. h4 f3 50. Bf1 Be6 51. Ba6 e3 52. fxe3 Bh3 0-1

[Event "Olimpiada Calviá 2004"]
[Site "Calviá ESP"]
[Date "2004.10.26"]
[Round "11.35"]
[White "Khamdamov, Suhrob"]
[Black "Zambrana, Osvaldo"]
[Result "1-0"]
[WhiteElo "2150"]
[BlackElo "2473"]
[PlyCount "49"]
[EventDate "2004.10.15"]
[EventType "team"]
[EventRounds "14"]
[EventCountry "ESP"]
[Source "lmi"]
[SourceDate "2004.10.27"]

1. d4 d5 2. c4 dxc4 3. Nf3 Nf6 4. Nc3 a6 5. e3 e6 6. Bxc4 b5 7. Bb3 Bb7 8. O-O
Be7 9. Qe2 c5 10. Rd1 Nbd7 11. e4 cxd4 12. Nxd4 Qb8 13. Nd5 Bd6 14. Nxf6+ Nxf6
15. e5 Bxe5 16. Nxe6 fxe6 17. f4 Nd5 18. Qh5+ g6 19. Qg4 Qd6 20. fxe5 Qb6+ 21.
Kh1 Rf8 22. Bg5 Rf2 23. Rd2 Ne3 24. Bxe3 Bxg2+ 25. Kg1 1-0

[Event "Olimpiada Calviá 2004"]
[Site "Calviá ESP"]
[Date "2004.10.26"]
[Round "11.35"]
[White "Khouseinov, Rashid"]
[Black "Ferrufino, Boris"]
[Result "1-0"]
[WhiteElo "2343"]
[BlackElo "2231"]
[PlyCount "80"]
[EventDate "2004.10.15"]
[EventType "team"]
[EventRounds "14"]
[EventCountry "ESP"]
[Source "lmi"]
[SourceDate "2004.10.27"]

1. f4 d5 2. Nf3 g6 3. g3 Bg7 4. Bg2 Nh6 5. O-O Nf5 6. e3 Nd7 7. d3 Nf6 8. Qe2
O-O 9. c3 e6 10. e4 Ne7 11. e5 Nd7 12. g4 b6 13. Nbd2 Ba6 14. Rd1 c5 15. Nf1
Rc8 16. Ng3 d4 17. c4 Qc7 18. Ng5 Bb7 19. N5e4 Rcd8 20. h4 h6 21. Rf1 a6 22.
Bd2 Bc6 23. Rac1 Kh7 24. Rf2 Rb8 25. h5 Ba8 26. hxg6+ fxg6 27. g5 Nf5 28. Qg4
Bxe4 29. dxe4 Nxg3 30. gxh6 Bxh6 31. Qxg3 g5 32. Qh3 g4 33. Qxg4 Nxe5 34. fxe5
Rxf2 35. Kxf2 Bxd2 36. Rh1+ Bh6 37. Qxe6 Qg7 38. Bh3 Be3+ 39. Kf1 Qg5 40. Bf5+
Kg7 1-0

[Event "Olimpiada Calviá 2004"]
[Site "Calviá ESP"]
[Date "2004.10.26"]
[Round "11.35"]
[White "Saavedra, Carlos"]
[Black "Ziyaev, Negmat"]
[Result "1/2-1/2"]
[WhiteElo "2319"]
[BlackElo "2295"]
[PlyCount "71"]
[EventDate "2004.10.15"]
[EventType "team"]
[EventRounds "14"]
[EventCountry "ESP"]
[Source "lmi"]
[SourceDate "2004.10.27"]

1. e4 c5 2. Nf3 e6 3. d4 cxd4 4. Nxd4 Nf6 5. Nc3 d6 6. Be2 Be7 7. O-O Nc6 8.
Be3 O-O 9. f4 Bd7 10. Kh1 Nxd4 11. Bxd4 Bc6 12. Bd3 b5 13. a3 Qb8 14. e5 Nd7
15. Qg4 dxe5 16. fxe5 g6 17. Rae1 Bc5 18. h4 Bxd4 19. Qxd4 Qb7 20. Re2 Rab8 21.
b4 Qc7 22. Ne4 Bxe4 23. Rxe4 h5 24. Qe3 Kg7 25. Rf3 a6 26. Rg3 Rh8 27. Rg5 Rbc8
28. Rd4 Nb6 29. Qf2 Qe7 30. Rd6 Nc4 31. Rxa6 Ra8 32. Rxa8 Rxa8 33. Bxc4 bxc4
34. Qe3 Rd8 35. Kh2 Qc7 36. a4 1/2-1/2

[Event "Olimpiada Calviá 2004"]
[Site "Calviá ESP"]
[Date "2004.10.26"]
[Round "11.36"]
[White "Lodhi, Mahmood"]
[Black "Gonzalez, Bernal"]
[Result "1/2-1/2"]
[WhiteElo "2385"]
[BlackElo "2423"]
[PlyCount "65"]
[EventDate "2004.10.15"]
[EventType "team"]
[EventRounds "14"]
[EventCountry "ESP"]
[Source "lmi"]
[SourceDate "2004.10.27"]

1. d4 d5 2. Nf3 Nf6 3. c4 c6 4. cxd5 cxd5 5. Nc3 Nc6 6. Bf4 Bf5 7. e3 e6 8. Bb5
Nd7 9. O-O Be7 10. Rc1 O-O 11. Bxc6 bxc6 12. Na4 Rc8 13. Ne5 Nxe5 14. Bxe5 Qa5
15. Rc3 f6 16. Bg3 c5 17. dxc5 Bxc5 18. Qc1 Qxa4 19. Rxc5 e5 20. b4 Rxc5 21.
Qxc5 Qd7 22. h3 Rc8 23. Qa5 Bc2 24. Rc1 d4 25. exd4 exd4 26. Bf4 d3 27. Bd2 Re8
28. Qc5 Re2 29. Qc4+ Qe6 30. Qxe6+ Rxe6 31. Kf1 Kf7 32. h4 h5 33. Re1 1/2-1/2

[Event "Olimpiada Calviá 2004"]
[Site "Calviá ESP"]
[Date "2004.10.26"]
[Round "11.36"]
[White "Valdes, Leonardo"]
[Black "Amir, Karim"]
[Result "1-0"]
[WhiteElo "2372"]
[BlackElo "2250"]
[PlyCount "77"]
[EventDate "2004.10.15"]
[EventType "team"]
[EventRounds "14"]
[EventCountry "ESP"]
[Source "lmi"]
[SourceDate "2004.10.27"]

1. Nf3 g6 2. c4 Bg7 3. Nc3 e5 4. g3 f5 5. d3 d6 6. Bg2 Nf6 7. O-O O-O 8. Rb1 a5
9. a3 c6 10. b4 axb4 11. axb4 Nbd7 12. Nd2 Nb6 13. Qb3 d5 14. c5 Nbd7 15. e4
Kh8 16. exd5 cxd5 17. Nxd5 Nxd5 18. Qxd5 Nf6 19. Qxd8 Rxd8 20. Nc4 Rxd3 21.
Nxe5 Rc3 22. Nf7+ Kg8 23. Nd6 Ne4 24. Nxe4 fxe4 25. Bxe4 Bf5 26. Bxf5 gxf5 27.
Bb2 Rc2 28. Bxg7 Kxg7 29. Rfc1 Rd2 30. Rd1 Raa2 31. Rxd2 Rxd2 32. b5 Rc2 33. c6
b6 34. Rb4 Kf6 35. Kg2 Rc3 36. Rh4 Kg6 37. Ra4 Rc5 38. Ra8 h6 39. Rb8 1-0

[Event "Olimpiada Calviá 2004"]
[Site "Calviá ESP"]
[Date "2004.10.26"]
[Round "11.37"]
[White "Prasca, Raphael"]
[Black "Bakalarz, Mieczyslaw"]
[Result "0-1"]
[WhiteElo "2396"]
[BlackElo "2389"]
[PlyCount "80"]
[EventDate "2004.10.15"]
[EventType "team"]
[EventRounds "14"]
[EventCountry "ESP"]
[Source "lmi"]
[SourceDate "2004.10.27"]

1. e4 c5 2. Nf3 e6 3. d4 cxd4 4. Nxd4 Nf6 5. Bd3 Nc6 6. Nxc6 bxc6 7. O-O e5 8.
b3 Be7 9. Bb2 d6 10. c4 Nd7 11. Nc3 O-O 12. Ne2 g6 13. Bc2 a5 14. Qd2 Nc5 15.
f4 f6 16. Kh1 Be6 17. Ba3 Qb6 18. Nc3 Rad8 19. Qf2 exf4 20. Qxf4 f5 21. exf5
Bxf5 22. Bxf5 Rxf5 23. Qe3 Re5 24. Qg1 Nd7 25. c5 Nxc5 26. Rae1 Rxe1 27. Rxe1
Bf8 28. Ne4 Nd7 29. Nf6+ Kf7 30. Qf1 Nxf6 31. Bb2 Bg7 32. Qc4+ d5 33. Qh4 d4
34. Rf1 c5 35. Bc1 Kg8 36. Bh6 Rf8 37. Bg5 Qe6 38. Re1 Qf5 39. h3 Re8 40. Rc1
Ne4 0-1

[Event "Olimpiada Calviá 2004"]
[Site "Calviá ESP"]
[Date "2004.10.26"]
[Round "11.37"]
[White "Brittner, Serge"]
[Black "Blanco, Cristobal J"]
[Result "0-1"]
[WhiteElo "2291"]
[BlackElo "2269"]
[PlyCount "58"]
[EventDate "2004.10.15"]
[EventType "team"]
[EventRounds "14"]
[EventCountry "ESP"]
[Source "lmi"]
[SourceDate "2004.10.27"]

1. d4 Nf6 2. c4 e6 3. Nc3 Bb4 4. Qc2 b6 5. e4 c5 6. d5 Qe7 7. Be2 exd5 8. exd5
Qe4 9. Qxe4+ Nxe4 10. a3 Bxc3+ 11. bxc3 Ba6 12. Bf4 O-O 13. f3 Nxc3 14. Bf1 Bb7
15. Kd2 Na4 16. Bd3 b5 17. Rb1 bxc4 18. Bxh7+ Kxh7 19. Rxb7 Nb6 20. Nh3 Nxd5
21. Bd6 c3+ 22. Kd3 Re8 23. Ng5+ Kg6 24. Ne4 f5 25. Nxc5 Nc6 26. Kc4 Nb6+ 27.
Kxc3 Re3+ 28. Nd3 Rc8 29. Rc1 Ne5+ 0-1

[Event "Olimpiada Calviá 2004"]
[Site "Calviá ESP"]
[Date "2004.10.26"]
[Round "11.37"]
[White "Iturrizaga, Eduardo"]
[Black "Schartz, Alain"]
[Result "1-0"]
[WhiteElo "2280"]
[BlackElo "2123"]
[PlyCount "87"]
[EventDate "2004.10.15"]
[EventType "team"]
[EventRounds "14"]
[EventCountry "ESP"]
[Source "lmi"]
[SourceDate "2004.10.27"]

1. e4 c5 2. Nc3 Nc6 3. g3 Nf6 4. Bg2 d6 5. d3 e6 6. f4 Be7 7. Nf3 Qc7 8. O-O a6
9. Kh1 b5 10. e5 Nd7 11. exd6 Bxd6 12. f5 Nde5 13. Nxe5 Bxe5 14. Qf3 Bb7 15.
fxe6 f6 16. a4 b4 17. Nd5 Qd6 18. Qh5+ g6 19. Qh3 O-O 20. Bh6 Bxb2 21. Bxf8
Rxf8 22. Rae1 Be5 23. Nb6 Nd8 24. Bxb7 Qxb6 25. Bd5 Qd6 26. Bc4 Kg7 27. Qg2 Re8
28. Qa8 Qc6+ 29. Qxc6 Nxc6 30. Bxa6 Rxe6 31. Bc4 Re7 32. Kg2 Nd4 33. Rf2 Ra7
34. Bb3 Nc6 35. Rfe2 Bc3 36. Rf1 Be5 37. g4 h6 38. Rfe1 Bc3 39. Rf1 Be5 40. h4
Ne7 41. Rxe5 fxe5 42. Rf7+ Kh8 43. Kf3 Rd7 44. a5 1-0

[Event "Olimpiada Calviá 2004"]
[Site "Calviá ESP"]
[Date "2004.10.26"]
[Round "11.38"]
[White "Barrientos, Sergio"]
[Black "Pacheco, Marco"]
[Result "1-0"]
[WhiteElo "2435"]
[BlackElo "2320"]
[PlyCount "155"]
[EventDate "2004.10.15"]
[EventType "team"]
[EventRounds "14"]
[EventCountry "ESP"]
[Source "lmi"]
[SourceDate "2004.10.27"]

1. e4 e6 2. d4 d5 3. Nc3 Bb4 4. exd5 exd5 5. Bd3 Nc6 6. a3 Bxc3+ 7. bxc3 Qf6 8.
Qh5 Nge7 9. Bg5 Qe6+ 10. Kd2 Qg4 11. Qxg4 Bxg4 12. Re1 f6 13. h3 Bh5 14. Bf4
O-O-O 15. Nf3 Bg6 16. g4 Rhe8 17. h4 Na5 18. h5 Be4 19. Rh3 Nec6 20. Nh4 Bxd3
21. cxd3 Rxe1 22. Kxe1 Re8+ 23. Kd1 Nd8 24. Nf5 Ne6 25. Bh2 Kd7 26. Ne3 c6 27.
Nf5 b6 28. h6 g6 29. Nd6 Rf8 30. Re3 Nd8 31. c4 Nab7 32. Nxb7 Nxb7 33. Kd2 Re8
34. Rf3 Re6 35. Bf4 Nd8 36. Rh3 Nf7 37. Be3 Re8 38. Rh1 Nd8 39. a4 Ne6 40. f4
f5 41. g5 Rb8 42. Rb1 b5 43. axb5 cxb5 44. Ra1 Rb7 45. cxb5 Nc7 46. Kd1 Nxb5
47. Bd2 Nxd4 48. Bc3 Nc6 49. Kc2 d4 50. Bd2 a5 51. Bc1 Nb4+ 52. Kd2 Rb5 53. Ra4
Nc6 54. Ba3 Rb3 55. Kc2 Rc3+ 56. Kd2 Ke6 57. Bb2 Rb3 58. Kc2 Rb4 59. Ra1 Rb8
60. Ba3 a4 61. Bc1 Ra8 62. Ba3 Kd5 63. Rb1 Rb8 64. Ra1 Rc8 65. Kd1 Re8 66. Rc1
Re3 67. Rc5+ Kd6 68. Rxf5+ Kd7 69. Rf7+ Ke6 70. Rf6+ Kd7 71. Kd2 Rh3 72. Rf7+
Ke6 73. Rxh7 Rh2+ 74. Ke1 Nd8 75. Rg7 Kf5 76. Ra7 Ne6 77. Bd6 Nxf4 78. Rf7+ 1-0

[Event "Olimpiada Calviá 2004"]
[Site "Calviá ESP"]
[Date "2004.10.26"]
[Round "11.38"]
[White "Cordova, Emilio"]
[Black "Cuartas, Jaime Alexander"]
[Result "1/2-1/2"]
[WhiteElo "2347"]
[BlackElo "2452"]
[PlyCount "113"]
[EventDate "2004.10.15"]
[EventType "team"]
[EventRounds "14"]
[EventCountry "ESP"]
[Source "lmi"]
[SourceDate "2004.10.27"]

1. d4 Nf6 2. Nf3 c5 3. d5 e6 4. Nc3 d6 5. e4 a6 6. a4 exd5 7. exd5 Be7 8. h3
O-O 9. Bd3 b6 10. O-O Bb7 11. Bf4 Re8 12. Re1 Nbd7 13. Bc4 Bf8 14. Qd3 h6 15.
g4 Rxe1+ 16. Rxe1 b5 17. axb5 axb5 18. Bxb5 Nb6 19. Bc6 Bxc6 20. dxc6 Qc7 21.
Qf5 Qxc6 22. Bxh6 Qd7 23. Qxd7 Nfxd7 24. Bf4 d5 25. Nb5 f6 26. b3 d4 27. Rd1
Ra2 28. c3 Nd5 29. Bg3 Ra5 30. c4 Nb4 31. Bf4 Ra2 32. Bd2 Nd3 33. b4 N7e5 34.
Kg2 Nb2 35. Rc1 Nbd3 36. Rd1 Nxf3 37. Kxf3 Ne5+ 38. Kg3 Nxc4 39. Be1 Rb2 40.
Kf4 Ne5 41. g5 Nc6 42. gxf6 gxf6 43. Kf5 Kf7 44. f4 Nxb4 45. Bxb4 Rxb4 46. Nc7
Rb3 47. Nd5 Rxh3 48. Nxf6 d3 49. Nd7 Bd6 50. Ne5+ Bxe5 51. Kxe5 Kg6 52. Ke4 c4
53. Kd4 Kf5 54. Kxc4 Ke4 55. Kc3 Rf3 56. f5 Rxf5 57. Rxd3 1/2-1/2

[Event "Olimpiada Calviá 2004"]
[Site "Calviá ESP"]
[Date "2004.10.26"]
[Round "11.38"]
[White "Contreras, Henry"]
[Black "Requejo, Oswaldo"]
[Result "1/2-1/2"]
[WhiteElo "2307"]
[BlackElo "2253"]
[PlyCount "121"]
[EventDate "2004.10.15"]
[EventType "team"]
[EventRounds "14"]
[EventCountry "ESP"]
[Source "lmi"]
[SourceDate "2004.10.27"]

1. e4 c5 2. Nf3 d6 3. d4 cxd4 4. Nxd4 Nf6 5. Nc3 g6 6. Be2 Bg7 7. O-O O-O 8.
Be3 Nc6 9. Nb3 Be6 10. f4 Na5 11. Nxa5 Qxa5 12. Bf3 Rac8 13. Kh1 Nd7 14. Bd4
Bxd4 15. Qxd4 Rc4 16. Qd2 f6 17. Be2 Rc7 18. Bd3 Rfc8 19. a3 Rxc3 20. bxc3 Qxc3
21. Qxc3 Rxc3 22. Kg1 Nc5 23. Rf3 Bc4 24. Rd1 Kf7 25. e5 Bxd3 26. exd6 exd6 27.
cxd3 Rxa3 28. d4 Rxf3 29. gxf3 Ne6 30. f5 gxf5 31. Rb1 b6 32. Ra1 a5 33. Rb1
Nxd4 34. Rxb6 Nxf3+ 35. Kg2 Ne1+ 36. Kf1 Nf3 37. Kg2 Ne5 38. Rxd6 f4 39. Rd4
f3+ 40. Kg3 Ke6 41. Rh4 Kf5 42. Rxh7 Ke4 43. Ra7 f5 44. Re7 a4 45. h4 a3 46. h5
a2 47. Ra7 f4+ 48. Kh3 Nc4 49. Rxa2 Kf5 50. Kh4 Ne3 51. Ra5+ Kf6 52. Ra6+ Kf5
53. Ra5+ Kf6 54. h6 f2 55. h7 Kg7 56. Ra7+ Kh8 57. Ra1 Kxh7 58. Kg5 f3 59. Kf4
f1=Q 60. Rxf1 Nxf1 61. Kxf3 1/2-1/2

[Event "Olimpiada Calviá 2004"]
[Site "Calviá ESP"]
[Date "2004.10.26"]
[Round "11.39"]
[White "Matamoros Franco, Carlos S"]
[Black "Belkhodja, Slim"]
[Result "1/2-1/2"]
[WhiteElo "2513"]
[BlackElo "2478"]
[PlyCount "38"]
[EventDate "2004.10.15"]
[EventType "team"]
[EventRounds "14"]
[EventCountry "ESP"]
[Source "lmi"]
[SourceDate "2004.10.27"]

1. c4 e5 2. g3 Nf6 3. Bg2 c6 4. d4 Bb4+ 5. Bd2 Bxd2+ 6. Qxd2 d6 7. Nc3 O-O 8.
e3 Be6 9. b3 exd4 10. Qxd4 d5 11. cxd5 Nxd5 12. Nge2 Qa5 13. Qa4 Qxa4 14. Nxa4
Na6 15. O-O Rad8 16. Rfe1 Nb6 17. Nac3 Nd5 18. Na4 Nb6 19. Nac3 Nd5 1/2-1/2

[Event "Olimpiada Calviá 2004"]
[Site "Calviá ESP"]
[Date "2004.10.26"]
[Round "11.39"]
[White "Doghri, Nabil"]
[Black "Mieles Palau, Daniel"]
[Result "0-1"]
[WhiteElo "2309"]
[BlackElo "2486"]
[PlyCount "58"]
[EventDate "2004.10.15"]
[EventType "team"]
[EventRounds "14"]
[EventCountry "ESP"]
[Source "lmi"]
[SourceDate "2004.10.27"]

1. e4 c5 2. Nf3 Nc6 3. d4 cxd4 4. Nxd4 Nf6 5. Nc3 g6 6. Bc4 Bg7 7. Bb3 O-O 8.
Be3 a5 9. a4 d6 10. h3 Bd7 11. O-O Rc8 12. f4 Nh5 13. Ndb5 Be6 14. Bxe6 fxe6
15. g4 Nf6 16. g5 Nh5 17. Qg4 e5 18. f5 Nd4 19. Bxd4 exd4 20. Nd5 Rxc2 21. fxg6
hxg6 22. Qe6+ Kh7 23. Nxe7 Ng3 24. Qxg6+ Kh8 25. Rf7 Rxf7 26. Qxf7 d3 27. Rf1
Qb6+ 28. Rf2 Qxf2+ 29. Qxf2 Rxf2 0-1

[Event "Olimpiada Calviá 2004"]
[Site "Calviá ESP"]
[Date "2004.10.26"]
[Round "11.39"]
[White "Santos Flores, Alberto"]
[Black "Chikhaoui, Walid"]
[Result "1-0"]
[WhiteElo "2326"]
[BlackElo "2324"]
[PlyCount "57"]
[EventDate "2004.10.15"]
[EventType "team"]
[EventRounds "14"]
[EventCountry "ESP"]
[Source "lmi"]
[SourceDate "2004.10.27"]

1. e4 c5 2. Nf3 e6 3. d3 Nc6 4. g3 g6 5. Bg2 Bg7 6. O-O Nge7 7. c3 d5 8. Nbd2
O-O 9. Re1 b5 10. e5 Qb6 11. Nf1 Bb7 12. h4 h5 13. N1h2 d4 14. g4 hxg4 15. Nxg4
dxc3 16. bxc3 Nf5 17. Bg5 Nce7 18. Nf6+ Bxf6 19. Bxf6 Nd5 20. Qd2 Nxf6 21. exf6
Qd8 22. Qg5 Kh7 23. Ne5 Bxg2 24. Kxg2 Qd5+ 25. Re4 Rh8 26. Nxf7 Qxd3 27. Rg4
Rhg8 28. h5 Qd5+ 29. Kg1 1-0

[Event "Olimpiada Calviá 2004"]
[Site "Calviá ESP"]
[Date "2004.10.26"]
[Round "11.39"]
[White "Amdouni, Zoubeir"]
[Black "Gonzalez Davila, Richard"]
[Result "1/2-1/2"]
[WhiteElo "2104"]
[BlackElo "2202"]
[PlyCount "115"]
[EventDate "2004.10.15"]
[EventType "team"]
[EventRounds "14"]
[EventCountry "ESP"]
[Source "lmi"]
[SourceDate "2004.10.27"]

1. e4 e5 2. Bc4 Bc5 3. d3 d6 4. Nc3 Nc6 5. f4 Bxg1 6. Rxg1 Qh4+ 7. g3 Qxh2 8.
Be3 Nd4 9. Bf2 Nf6 10. f5 h5 11. Bxd4 exd4 12. Ne2 d5 13. exd5 Bxf5 14. Qd2
O-O-O 15. O-O-O Bg4 16. Nxd4 Qxd2+ 17. Rxd2 Nxd5 18. c3 Rhe8 19. Rf2 f6 20. Nf5
g6 21. Nh6 f5 22. d4 Re7 23. Nxg4 hxg4 24. Rh2 Rd6 25. Rh8+ Kd7 26. Rg8 c6 27.
Rh1 Rde6 28. Kd2 Re3 29. Rg1 Rf3 30. Rxg6 Rf2+ 31. Kc1 Nb6 32. Bb3 Nc8 33. d5
cxd5 34. Rd1 Nb6 35. Bxd5 Nxd5 36. Rxd5+ Kc7 37. Rd2 Re1+ 38. Kc2 Ree2 39. Rgd6
Rxd2+ 40. Rxd2 Rf3 41. Rd3 f4 42. gxf4 Rxf4 43. Rg3 Kd6 44. Kd3 Ke5 45. b3 Kf5
46. Ke3 Re4+ 47. Kf2 Kf4 48. Rd3 Re7 49. Rd4+ Kg5 50. Rd8 Rf7+ 51. Kg2 Re7 52.
Kf2 Rh7 53. Kg2 Rh3 54. c4 Rc3 55. Rd7 Rc2+ 56. Kg3 Rc3+ 57. Kg2 Rc2+ 58. Kg3
1/2-1/2

[Event "Olimpiada Calviá 2004"]
[Site "Calviá ESP"]
[Date "2004.10.26"]
[Round "11.40"]
[White "Dive, Russell John"]
[Black "Dominguez, Jose M"]
[Result "1-0"]
[WhiteElo "2334"]
[BlackElo "2353"]
[PlyCount "113"]
[EventDate "2004.10.15"]
[EventType "team"]
[EventRounds "14"]
[EventCountry "ESP"]
[Source "lmi"]
[SourceDate "2004.10.27"]

1. c4 d6 2. g3 e5 3. Bg2 f5 4. Nc3 Nf6 5. Nf3 Be7 6. d4 e4 7. Ng5 c6 8. h4 O-O
9. Nh3 Kh8 10. Nf4 d5 11. cxd5 cxd5 12. a3 Nc6 13. b4 b5 14. O-O a5 15. bxa5
Nxa5 16. Nxb5 Nc4 17. a4 Bd7 18. Be3 Ng4 19. Qb3 Ngxe3 20. fxe3 Nd2 21. Qxd5
Nxf1 22. Bxf1 Qc8 23. Kf2 Rf6 24. Qb3 Bxb5 25. Qxb5 Rb8 26. Rc1 Qf8 27. Qd5 Bd6
28. Bh3 Rd8 29. Qb5 Bxf4 30. gxf4 Qf7 31. Rg1 Qh5 32. Rg5 Qxh4+ 33. Kg2 Rdf8
34. Rxf5 Rxf5 35. Bxf5 Qh5 36. Bxe4 Qg4+ 37. Kf2 Qh4+ 38. Kg2 Qg4+ 39. Kf2 Qh3
40. Bf3 Qh2+ 41. Ke1 Rc8 42. Bc6 Qg1+ 43. Kd2 Qg6 44. d5 Qd6 45. a5 Rb8 46. Bb7
Qa3 47. a6 Qa2+ 48. Kd3 Qa1 49. Qb3 Re8 50. Kd2 Qa5+ 51. Qc3 Qa2+ 52. Ke1 Qb1+
53. Kf2 Qh1 54. d6 Qh4+ 55. Kf1 Qh3+ 56. Bg2 Qh4 57. Qc6 1-0

[Event "Olimpiada Calviá 2004"]
[Site "Calviá ESP"]
[Date "2004.10.26"]
[Round "11.40"]
[White "Puntier, William"]
[Black "Smith, Robert W"]
[Result "1-0"]
[WhiteElo "2255"]
[BlackElo "2251"]
[PlyCount "117"]
[EventDate "2004.10.15"]
[EventType "team"]
[EventRounds "14"]
[EventCountry "ESP"]
[Source "lmi"]
[SourceDate "2004.10.27"]

1. e4 c5 2. Nf3 d6 3. d4 cxd4 4. Nxd4 Nf6 5. Nc3 Nc6 6. Bc4 e6 7. Be3 Bd7 8.
Ndb5 Qb8 9. Qe2 Be7 10. O-O-O a6 11. Nd4 b5 12. Bd3 O-O 13. Rhg1 b4 14. Nb1 Ne5
15. g4 d5 16. Nd2 Nxd3+ 17. Qxd3 Qb7 18. e5 Ne4 19. f3 Nc5 20. Qe2 Rfc8 21. Kb1
a5 22. g5 Na4 23. N2b3 Nc3+ 24. bxc3 bxc3 25. h4 a4 26. g6 fxg6 27. h5 axb3 28.
cxb3 c2+ 29. Nxc2 Bb5 30. Qf2 Qa6 31. Ne1 Bb4 32. Rd2 Bxd2 33. Qxd2 Qa5 34.
hxg6 h6 35. Qxa5 Rxa5 36. Bc5 Bc4 37. Bd6 Bb5 38. Kb2 Ra6 39. Nc2 Rxa2+ 40.
Kxa2 Rxc2+ 41. Ka3 Bd3 42. Kb4 h5 43. Be7 Rf2 44. Rg3 Be2 45. Kc5 Bxf3 46. Kd6
d4 47. Bg5 Bd5 48. Kc5 Rb2 49. Kxd4 Rxb3 50. Rg1 Rb8 51. Be7 h4 52. Rg4 h3 53.
Rh4 Bg2 54. Kc5 Ra8 55. Kd6 Ra6+ 56. Kd7 Rb6 57. Bd6 Ra6 58. Kxe6 Bf1 59. Rf4
1-0

[Event "Olimpiada Calviá 2004"]
[Site "Calviá ESP"]
[Date "2004.10.26"]
[Round "11.40"]
[White "Green, Peter"]
[Black "Hernandez, Elvis"]
[Result "0-1"]
[WhiteElo "2268"]
[BlackElo "2307"]
[PlyCount "42"]
[EventDate "2004.10.15"]
[EventType "team"]
[EventRounds "14"]
[EventCountry "ESP"]
[Source "lmi"]
[SourceDate "2004.10.27"]

1. d4 d5 2. Nf3 Bg4 3. c4 dxc4 4. Qa4+ Nc6 5. e3 Bxf3 6. gxf3 e5 7. dxe5 Qd5 8.
Nc3 Qxf3 9. Rg1 Qh5 10. Bg2 Nge7 11. f4 Qxh2 12. Kf1 O-O-O 13. Rh1 Qg3 14. Ne4
Qg6 15. Bd2 Rxd2 16. Bh3+ Kb8 17. Nxd2 Qd3+ 18. Ke1 Qxe3+ 19. Kd1 c3 20. bxc3
Nd5 21. Qc4 Nxc3+ 0-1

[Event "Olimpiada Calviá 2004"]
[Site "Calviá ESP"]
[Date "2004.10.26"]
[Round "11.41"]
[White "Williams, Leighton"]
[Black "Thamtavatvorn, Taweechai"]
[Result "1-0"]
[WhiteElo "2355"]
[BlackElo "2214"]
[PlyCount "39"]
[EventDate "2004.10.15"]
[EventType "team"]
[EventRounds "14"]
[EventCountry "ESP"]
[Source "lmi"]
[SourceDate "2004.10.27"]

1. e4 e6 2. d4 d5 3. Nc3 Bb4 4. e5 Ne7 5. Qg4 c5 6. a3 Qa5 7. axb4 Qxa1 8. Kd1
cxb4 9. Nb5 O-O 10. Nc7 Na6 11. Nxa8 Bd7 12. Bd3 Ng6 13. h4 Rxa8 14. h5 Nf8 15.
h6 g6 16. Qg5 Nc7 17. Qe7 b3 18. c3 Bb5 19. Nf3 Nd7 20. Bxg6 1-0

[Event "Olimpiada Calviá 2004"]
[Site "Calviá ESP"]
[Date "2004.10.26"]
[Round "11.41"]
[White "Srivachirawat, Kannapon"]
[Black "Evans-Quek, Suan-Shiau"]
[Result "0-1"]
[WhiteElo "2166"]
[BlackElo "2293"]
[PlyCount "74"]
[EventDate "2004.10.15"]
[EventType "team"]
[EventRounds "14"]
[EventCountry "ESP"]
[Source "lmi"]
[SourceDate "2004.10.27"]

1. d4 Nf6 2. Nf3 d5 3. e3 e6 4. Bd3 b6 5. O-O Bb7 6. Nbd2 c5 7. b3 Nc6 8. Bb2
cxd4 9. exd4 Be7 10. Ne5 Nxe5 11. dxe5 Nd7 12. Qg4 g6 13. Rac1 h5 14. Qh3 Nc5
15. Bb5+ Kf8 16. b4 a6 17. Be2 Na4 18. Ba3 b5 19. Nb3 Rc8 20. c3 Rc7 21. Na5
Ba8 22. Bd1 Nb6 23. Be2 Qc8 24. Nb3 Na4 25. Nc5 Nxc5 26. bxc5 Kg7 27. Qe3 Rc6
28. Rfd1 Qc7 29. Rd4 Bxc5 30. Bxc5 Rxc5 31. Qg5 Qd8 32. Qe3 Qe7 33. Rf4 Qc7 34.
Rf6 d4 35. Qf4 Kf8 36. Rd1 dxc3 37. Bxh5 c2 0-1

[Event "Olimpiada Calviá 2004"]
[Site "Calviá ESP"]
[Date "2004.10.26"]
[Round "11.41"]
[White "Jones, Richard S"]
[Black "Saeheng, Boonsueb"]
[Result "1-0"]
[WhiteElo "2297"]
[BlackElo "2242"]
[PlyCount "65"]
[EventDate "2004.10.15"]
[EventType "team"]
[EventRounds "14"]
[EventCountry "ESP"]
[Source "lmi"]
[SourceDate "2004.10.27"]

1. e4 c5 2. Nf3 d6 3. d4 cxd4 4. Nxd4 Nf6 5. Nc3 a6 6. Bc4 e6 7. Bb3 Be7 8. g4
O-O 9. g5 Nfd7 10. Rg1 Nc5 11. Be3 b5 12. Qh5 g6 13. Qh6 Re8 14. O-O-O Bd7 15.
Rg3 Bf8 16. Qh4 b4 17. Nce2 h5 18. Nf4 Bg7 19. Nxh5 gxh5 20. Qxh5 Nc6 21. g6 f5
22. Qh7+ Kf8 23. Bg5 Nxd4 24. Rxd4 Qc7 25. Bh6 Bc6 26. Qh8+ Ke7 27. Qxg7+ Kd8
28. Qf6+ Kc8 29. g7 Bxe4 30. Rc4 Rg8 31. Rxe4 fxe4 32. Bxe6+ Kb7 33. Bd5+ 1-0

[Event "Olimpiada Calviá 2004"]
[Site "Calviá ESP"]
[Date "2004.10.26"]
[Round "11.41"]
[White "Saelee, Uaychai"]
[Black "Kett, T."]
[Result "1/2-1/2"]
[WhiteElo "2165"]
[BlackElo "2196"]
[PlyCount "29"]
[EventDate "2004.10.15"]
[EventType "team"]
[EventRounds "14"]
[EventCountry "ESP"]
[Source "lmi"]
[SourceDate "2004.10.27"]

1. e4 e5 2. Nf3 Nc6 3. Bb5 f5 4. Nc3 fxe4 5. Nxe4 Nf6 6. Nxf6+ Qxf6 7. Qe2 Be7
8. Bxc6 dxc6 9. Nxe5 Bf5 10. d4 O-O-O 11. c3 c5 12. Nf3 Bg4 13. Be3 Bxf3 14.
Qxf3 Qxf3 15. gxf3 1/2-1/2